Sports Quiz

Random Sports or Basketball Quiz

NBA 2020 Mock Draft Quiz Stats

 Plays Quiz not verified by Sporcle

Support Sporcle.
Go Orange.
Score 0/60 Timer 10:00
0 Plays Today
Pick Player Name % Correct
3.LaMelo Ball
93.9%
1.James Wiseman
89.6%
2.Anthony Edwards
85.4%
12.Cole Anthony
60.7%
4.Obi Toppin
56.4%
9.R.J. Hampton
43.7%
5.Deni Avdija
41.3%
6.Onyeka Okongwu
40.1%
7.Killian Hayes
39.5%
22.Nico Mannion
36%
53.Tre Jones
36%
8.Tyrese Haliburton
35.8%
13.Isaac Okoro
35.2%
23.Vernon Carey
33.7%
19.Josh Green
32.1%
26.Tyrese Maxey
31.6%
21.Jalen Smith
31.2%
16.Jaden McDaniels
26.2%
25.Tyler Bey
25%
30.Saddiq Bey
24.8%
29.Cassius Stanley
24.4%
14.Devin Vassell
24.3%
17.Theo Maledon
24%
10.Precious Achiuwa
23.9%
33.Isaiah Stewart
22.9%
50.Kira Lewis
22.8%
18.Aaron Nesmith
19.4%
59.Devon Dotson
19.2%
11.Zeke Nnaji
17.4%
28.Daniel Oturu
17.4%
Pick Player Name % Correct
45.Payton Pritchard
16.3%
32.Jordan Nwora
16.2%
38.Ashton Hagans
16.2%
15.Jahmi'us Ramsey
16.1%
39.Nick Richards
15.2%
58.Markus Howard
14.8%
31.Mamadi Diakite
13.5%
47.Killian Tillie
13.4%
27.Paul Reed
13.1%
49.Xavier Tillman
13.1%
20.Aleksej Pokusevski
12.7%
34.Makur Maker
11.5%
37.Reggie Perry
11.3%
46.Isaiah Joe
11.1%
43.Jay Scrubb
10.3%
36.Lamar Stevens
10%
35.Desmond Bane
9.7%
56.Arturs Zagars
9.6%
40.Trendon Watford
9.4%
52.Charles Bassey
9.4%
57.Ayo Dosunmu
9.4%
60.Yam Madar
9.4%
44.Grant Riller
9.3%
24.Amar Sylla
8.5%
55.Ty-Shon Alexander
8%
42.Omer Yurtseven
7.7%
54.C.J. Elleby
7.6%
41.Abdoulaye N'Doye
7.3%
48.Tres Tinkle
6.9%
51.Freddie Gillespie
6.1%

You're not logged in!

Compare scores with friends on all Sporcle quizzes.
OR
Log In

From the Vault

TV Name Swap II

by sproutcm

This is what you get for watching too much TV.
Remove Ads.
Support Sporcle.
Get the best of Sporcle when you Go Orange. This ad-free experience offers more features, more stats, and more fun while also helping to support Sporcle. Thank you for becoming a member.

Show Comments

Extras

Created Feb 20, 2020ReportNominate
Tags:Basketball Quiz, NBA Quiz

Top Quizzes Today


Score Distribution

Your Account Isn't Verified!

In order to create a playlist on Sporcle, you need to verify the email address you used during registration. Go to your Sporcle Settings to finish the process.

Report this User

Report this user for behavior that violates our Community Guidelines.

Details: